Регионална библиотека "Любен Каравелов" - Русе

Как да следвам в Англия (Запис номер 27318)

MARC детайли
000 -Лидер
Контролно поле с фиксирана дължина 01291nam a2200325 c 4500
003 - Код на организацията, давaща контролен номер
Контролно поле BLK
005 - Дата и час на последна редакция
Контролно поле 20180420220139.0
008 - Елементи от данни с фиксирана дължина
fixed length control field 180413b bul|||||r ||||||| ||bul||
010 ## - Наследен системен номер
LC control number KNG00029899000
020 ## - Международен стандартен номер на книга ISBN
Международен стандартен номер на книга ISBN 954-9577-11-2
-- издат.: Алма Матер Интернационал
040 ## - Източник на каталожния запис
Идентификатор на билиотеката - собственик на записа BLK
041 ## - Код за език
Код за езика на текст/звукозапис или на отделно заглавие Български
Код за езика КДБФ Български
Други езици Английски
080 ## - УДК
Текстов определител УДК Висше образование. Висши учебни заведения
УДК код - определител по УДК 378
УДК определител (410)(035)
УДК - код + определител 378(410)(035)
100 1# - Редна дума - Автор
Автор Савова, Жулиета Иванова
Авторска отговорност първи автор
R(LIN) 265565
139 ## - Редно поле
Редна дума Савова, Жулиета Ив.
Авторски знак Сав - С 13
245 10 - Сведения за заглавието
Заглавие Как да следвам в Англия
Редно поле (дума) Жулиета Иванова Савова.
257 ## - Страна на издаване
Страна на създаване/издаване България
260 ## - Област на издателските данни
-- Габрово
Име на издателя, разпространителя и проч. Алма Матер Интернационал
Година на издаване 1999
Печатница София : ССБ
300 ## - Физическа характеристика
Страници 134 с.
Размери/Мащаб 21 см
380 ## - Жанр
Жанр Обществени науки
500 ## - Общи забележки
Забележка Авт. не е отбелязана на кор. - Текст и на англ. ез.
650 #4 - Допълнително описание по предмет – тема
Основно описание – тема или топоним Англия - висше образование
9 (RLIN) 269221
653 ## - Ключова дума – ненормативна
Ключова дума Англия
653 ## - Ключова дума – ненормативна
Ключова дума висше образование
852 ## - Местоположение
Форматна сигнатура Цб 196946
856 4# - Електронен адрес и достъп
Електронен формат pdf - файл
Път до файла /url/
856 4# - Електронен адрес и достъп
Електронен формат pdf - файл
Път до файла /url/
942 ## - АРТИКУЛИ
Вид на библиотечния материал Книги
Скрит в OPAC Не
944 ## - СЪЗДАВАНЕ И РЕДАКЦИЯ на ЗАПИСА
Създаване/Редакция Създаване
Дата на регистрацията/редакция 15.01.2003
Служител, извършил регистрацията/редакцията Цветанка_Енчева
944 ## - СЪЗДАВАНЕ И РЕДАКЦИЯ на ЗАПИСА
Създаване/Редакция Редакция
Дата на регистрацията/редакция 17.06.2004
Служител, извършил регистрацията/редакцията
999 ## - СИСТЕМНИ КОНТРОЛНИ НОМЕРА
Koha biblionumber 27318
Koha biblioitemnumber 27318
Наличности
Код за отписване Код за изгубен артикул Източник на класификационната схема Код за повреда Коз за рестрикции Код за отдаване Артикулен № Име на библиотеката - собственик Име на библиотеката, в която се намира в момента Статус (Текущо местоположение) Дата на вписване в системата Местоположение - отдел Цена в лева Инвентарен номер Систематично азбучна сигнатура Баркод Номер на екземпляра Цена в евро Служебна бележка Служебен тип на артикула
Изтеглен Не е изгубен Universal Decimal Classification Не е повреден без рестрикции заемане за дома 44138 Регионална библиотека "Любен Каравелов" Русе Регионална библиотека "Любен Каравелов" Русе Заемна - подръчен фонд 2001-01-01 Заемна - подръчен фонд 3.20 640570 П 378/С 13 640570 1 1.64 Дост: Pk Вид: Ф N: стар фонд Дата: 01.01.2001 Дата инв: 07.02.2018 Бележки инв: П2018 Книги
  Не е изгубен Universal Decimal Classification Не е повреден без рестрикции ползва се в читалня 44139 Регионална библиотека "Любен Каравелов" Русе Регионална библиотека "Любен Каравелов" Русе Хранилище 2001-01-01 Хранилище 0.00 652096 Цб 196946 120000652096 2 0.00 Дост: Dp Вид: Д N: стар фонд Дата: 01.01.2001 Книги
Vip Innovations Ltd, Rousse, Bulgaria 2025